| 000 | 00732nam a22002177a 4500 | ||
|---|---|---|---|
| 003 | OSt | ||
| 005 | 20251204113657.0 | ||
| 008 | 251204b |||||||| |||| 00| 0 eng d | ||
| 020 | _a 971-510-0651 | ||
| 040 |
_aDWC-Main lib _cOC |
||
| 082 |
_2 Third edition _aFil. 260 F953p 1992 |
||
| 100 | _aFuellenbanch, John SVD | ||
| 245 |
_aProclaiming his kingdom : _bmeditations for personal recollection/ _cJohn Fuellenbanch SVD |
||
| 250 | _a Third edition | ||
| 260 |
_aManila : _bLogos Publications, _cc1992. |
||
| 300 |
_a223 pages : _b illustrations ; _c 23cm. |
||
| 504 | _aIncludes bibliography. | ||
| 650 | _a1. Kingdom of God. | ||
| 650 | _a2. Meditation - Christianity. | ||
| 942 |
_2ddc _cBK - FIL _eThird edition _kFil. _n0 |
||
| 999 |
_c6823 _d6823 |
||